000 00504nam a2200181Ia 4500
001 21314
005 20260306172910.0
008 260306t2017||||xx |||||||||||||| ||spa||
041 _aESP
082 _a344.526
_bC14
100 _aCáceres Julca, Roberto E.
_eAUT
245 0 _aConducción en estado de ebriedad y drogadicción y delitos conexos. Aspectos penales y procesales
260 _c2017
300 _a469 páginas :
_c23 cm.
650 _aGEN
654 _aCDE
942 _cLIB
_dJUS
_fJUS
_2ddc
_n
999 _c21314
_d21314